Datum a čas kvízu
37
Celkem bodů
Celkový počet nahraných bodů na tomto kvízu bez doplňovacích otázek.
2.
Pořadí na kvízu
Konečné umístění týmu na tomto kvízu.
Zaznamenané odpovědi
| # | Otázka | Odpověď | Body | Výsledky |
|---|---|---|---|---|
| 1. | V sobotu oslavila v pražské zo... | Mobi | 1 | |
| 2. | Elon Musk si do nového roku zm... | B) žabáka | 0 | |
| 3. | Ve čtvrtek měl v českých kinec... | Nosferatu | 1 | |
| 4. | Ve čtvrtek byla v pražských Št... | Lidl | 1 | |
| 5. | V neděli byl oficiálně oznámen... | SK Slavia Praha, Tottenham Hotspur FC | 1 | |
| 6. | Z historie se zdá, že Američan... | Dwight Eisenhower | 1 | |
| 7. | Kterou vysokou školu vystudova... | D | 0 | |
| 8. | Napište jméno zobrazeného herc... | Terry Crews | 1 | |
| 9. | Lebkouni ze stejnojmenného fil... | A | 1 | |
| 10. | „Jak vykrást banku“ je francou... | Václav Faltus; František Filipovský | 0 |